Statistiques concernant TRI: communisme, post-colonialisme et le monde universitaire

Cliquez ici pour prendre le quiz!

Statistiques générales

  • Ce quiz a été pris 83 fois
  • Le résultat moyen est 15 sur 61

Statistiques - réponses

QuestionRéponse% Correct
Qui est l'auteur du "Manifeste du Parti Communiste"?Karl Marx
94%
On rejette le concept d'appartenance ... pour mettre en avant un appartenance de ...classe
76%
Quelle idéologie est considérée comme une force destructrice pour les communistes?Le capitalisme
76%
Selon la théorie marxiste, quel est le stade suprême du capitalisme?L'impéralisme
74%
On rejette le concept d'appartenance ... pour mettre en avant un appartenance de ...nationale
68%
La plupart de la production culturelle et des récits traitant des pays colonisés provient d'où d'après Gayatri Spivak ?De l'Occident
56%
Quel peintre français est cité en exemple ?Eugène Delacroix
53%
Comment les communistes soviétiques appellent les propriétaires riches, considérés comme oppressifs ?Koulaks
53%
Quelle école s'est développée en Amérique Latine durant les années 50 et 60?L'Ecole de la dépendance
53%
Selon lui, les arts ont perpétué les ..., renforçant une image fausse et fabriquée de l'Orient aux yeux de l'Occident.stéréotypes
53%
Sous le règne de Philippe II, le centre du monde se déplace, basculant de la Méditerranée à ...L'Atlantique
50%
Quel sport est utilisé pour illustrer ce troisième concept ?Le cricket
50%
Qui est l'auteur de "La Méditerranée et le Monde Méditerranéen à l'Époque de Philippe II" ?Fernand Braudel
41%
Quelle a été la première instance où les peuples colonisés ont pu s'exprimer face à l'impérialisme?Le Congrès de Bakou
38%
Quels concepts clés Homi J. Bhabha utilise-t-il pour comprendre la relation entre colons et colonisés ?Le mimétisme
38%
Quels concepts clés Homi J. Bhabha utilise-t-il pour comprendre la relation entre colons et colonisés ?L'hybridité
35%
Le slogan "Prolétaires de tous les pays, unissez-vous!" fait de l'enjeu des classes un enjeu ...transnational
35%
Cet historien appartient à quelle école?L'Ecole des Annales
32%
Quelle boisson est utilisée pour illustrer ce quatrième concept ?Le Schweppes Indian Tonic
32%
Qu'étudie et développe Arjun Appadurai dans son analyse du post-colonialisme?Les émotions / les sentiments
32%
Quel article a écrit Gayatri Spivak en 1987 ?"Can the subaltern speak ?"
29%
Quel terme désigne le fait de prêter à un peuple des caractéristiques immuables basé sur ce que l’on sait de sa culture ?Le culturalisme
29%
Que faut-il alors faire pour obtenir de bons résultats si l'Occident veut aider les gens ?Ecouter les gens / leur redonner la parole
26%
Quel livre a écrit en 1982 Edward Saïd ?"L’Orientalisme: l’Orient créé par l’Occident"
26%
Cette école accorde une importance aux phénomènes et à l'histoire ... , ... et ... pour arriver à essayer de développer l'histoire des ...économique
24%
Quels concepts clés Homi J. Bhabha utilise-t-il pour comprendre la relation entre colons et colonisés ?L'ambiguïté
24%
Quels concepts clés Homi J. Bhabha utilise-t-il pour comprendre la relation entre colons et colonisés ?L'ambivalence
21%
Le monde est donc divisés en trois zones:La semi-périphérie
21%
Quel paradigme accorde une importance primordiale à la mémoire ?Le constructivisme
21%
Immanuel Wallerstein considère que le monde s'organise en ... (deux mots) autour de la notion de ...développement
18%
La première catégorie regroupe les pays ...industrialisés
18%
Le monde est donc divisés en trois zones:La périphérie complète
18%
Immanuel Wallerstein considère que le monde s'organise en ... (deux mots) autour de la notion de ...cercles concentriques
15%
Cette école accorde une importance aux phénomènes et à l'histoire ... , ... et ... pour arriver à essayer de développer l'histoire des ...culturelle
15%
Selon elle, qu'arrive-t-il à la parole des subalternes dans l'arène internationale ?Elle est subtilisée
15%
Quels sont les quatre auteurs qui s'inscrivent dans cette attitude ?Frantz Fanon
15%
Quel est le penseur de la "guerre juste" ?Saint Thomas d'Acquin
15%
Quels sont les quatre auteurs qui s'inscrivent dans cette attitude ?Albert Memmi
12%
La question morale se pose alors. Quels sont les trois arguments pouvant mener à une guerre juste ? (nom latin)Causa justa
12%
Le monde est donc divisés en trois zones:Le coeur du monde
12%
Par quels moyens ?Le pillage des ressources / "fuite des cerveaux"
12%
Quel risque des Relations Internationales (RI) est associé à l'avidité des ambassadeurs et des chefs d'État ?L'hyper-personnalisation
12%
la troisième catégorie regroupe les pays ..."non-développés"
12%
Quels sont les quatre auteurs qui s'inscrivent dans cette attitude ?Amilcar Cabral
9%
Cette école accorde une importance aux phénomènes et à l'histoire ... , ... et ... pour arriver à essayer de développer l'histoire des ...climatique
9%
Dans son autre oeuvre "Culture et Impérialisme", Edward Saïd estime que la pénétration culturelle dans un territoire peut être une ... (deux mots) si celle si est forcée.manifestation impériale
9%
Cette école accorde une importance aux phénomènes et à l'histoire ... , ... et ... pour arriver à essayer de développer l'histoire des ...mentalités
9%
Pourquoi les Etats post-coloniaux fonctionnent mal selon Bertrand Badie ?Parce que se sont des Etats importés
9%
Jean-François Bayart insiste sur le fait que ce phénomène est ...volontaire
9%
De quoi Hamza Alavi qualifie-t-il les Etats post-coloniaux ?De bureaucratiquement surdéveloppés
6%
Par quels moyens ?Des coups d'Etat
6%
La question morale se pose alors. Quels sont les trois arguments pouvant mener à une guerre juste ? (nom latin)Auctoritas principis
3%
Quels sont les 3 termes qu'il définit ? (nom en latin + signification)Jus ad bellum : droit à la guerre
3%
La question morale se pose alors. Quels sont les trois arguments pouvant mener à une guerre juste ? (nom latin)Intentio recta
0%
La deuxième catégorie regroupe les pays ...intermédiaires
0%
Quels sont les quatre auteurs qui s'inscrivent dans cette attitude ?Jean-Paul Sartre
0%
Quels sont les 3 termes qu'il définit ? (nom en latin + signification)Jus in bello : droit pendant la guerre
0%
Quels sont les 3 termes qu'il définit ? (nom en latin + signification)Jus post bellum : droit après la guerre
0%
Quel risque des Relations Internationales (RI) est associé à l'avidité des ambassadeurs et des chefs d'État ?Le risque de dépendance excessive envers les caractéristiques individuelles
0%
Quelle est sa principale idée en relations internationales ?Les pays du Nord maintiennent les pays du Sud dans une situation de dépendance économique
0%
En matière de RI, quel type d'organisme effectue des recherches pratiques plutôt que théoriques pour penser l'action future ?Les think thanks
0%

Distribution des résultats

Percentile par nombre de réponses

% des personnes avec chaque résultat

Votre développement - résultats

Vous n’avez pas pris ce quiz